Vrai/Faux Trucs et astuces du quotidien 2 - Statistiques

Statistiques générales
  • Ce quiz a été pris 58 fois
  • Le résultat moyen est 19 sur 30
Statistiques - réponses
Hint Explanation Réponse % Correct
Contre la diarrhée, mangez du riz ou même buvez l'eau de cuisson VRAI
82%
L'oeuf doit être conservé au frigo Surtout pas, il devient poreux. A conserver vers 14°C idéalement FAUX
80%
Pour recharger plus vite mon smartphone, j'active le mode avion Privé de toute connexion, il se charge plus vite VRAI
80%
Le miel soulage la toux VRAI
78%
Les objets en ivoire se nettoient au lait ou au jus de citron VRAI
76%
L'argile fait passer les abcès sous forme de cataplasme VRAI
76%
Pour ôter les odeurs de cuisine faire bouillir quelques clous de girofle Dans un peu d'eau VRAI
76%
Les sachets de thé usagés sont un bon désodorisant VRAI
72%
Sur une entorse on applique du chaud pour se soulager du froid FAUX
68%
Ne plus avoir d'odeur de fromage dans le frigo. Placer un morceau de charbon de bois à proximité. Ca marche aussi pour d'autres odeurs VRAI
68%
Le bicarbonate fait briller l'or avec un peu d'eau VRAI
68%
Pour désodoriser les vieux livres on peut utiliser de la fécule de maïs la saupoudrer, laisser agir puis enlever au pinceau VRAI
66%
On peut gonfler un ballon avec du bicarbonate et du vinaigre grâce à la réaction chimique VRAI
66%
Pour aiguiser des ciseaux on peut couper du papier de verre fin ou de l'aluminium VRAI
66%
Le lait ôte les taches d'encre sur le cuir en le chauffant VRAI
66%
Un cachet de paracétamol prolonge la vie de vos bouquets de l'aspirine est préférable ! FAUX
64%
La tomate soulage des coups de soleil La passer sur la zone douloureuse VRAI
62%
L'eau de rose repose les yeux l'eau de bleuet plutôt FAUX
60%
Pour bien peler un avocat il faut le plonger dans des glaçons le passer sous l'eau chaude au contraire FAUX
60%
On peut décorer les fenêtres de Noël avec du dentifrice Si nécessaire légèrement allongé VRAI
60%
L'avocat se conserve au réfrigérateur il cesse de mûrir et s'oxyde au froid. A conserver dans un endroit sombre à 18/20 °C FAUX
58%
Pour calmer la douleur d'une langue brûlée, mangez un glaçon Un morceau de sucre entre la langue et le palais qu'on laisse fondre FAUX
58%
La pomme de terre réfrigérée se charge en sucre Il faut la conserver entre 10 et 14°C VRAI
58%
Croquer un grain de café fait passer la mauvaise haleine ou quelques graines de fenouil VRAI
58%
Les cartes à jouer sales se nettoient avec de la farine du talc FAUX
52%
Un bain de bouche à l'aspirine calme les aphtes deux fois par jour maximum VRAI
52%
Une branche de thym dans l'huile chaude empêche l'odeur de friture De persil VRAI
50%
Pour enlever l'odeur d'ail sur les mains, les rincer à la bière au citron FAUX
48%
Un oeuf qui reste au fond d'un bol d'eau est périmé au contraire, il est frais FAUX
46%
Le persil soulage des piqures d'ortie non mais l'oseille oui FAUX
40%
Aucun quiz correspondant
Distribution des résultats
% des personnes avec chaque résultat
Percentile par nombre de réponses
Votre historique - résultats
Vous n’avez pas pris ce quiz